Posmíval se konipásek /

Hlavní autor: Kainar, Josef, 1917-1971
Další autoři: Miler, Zdeněk, 1921-2011
Jazyk: Čeština
Vydáno: V Praze : Knižní klub, 2005
Vydání: Vyd. 2., (v Knižním klubu 1.)
Témata:
Fyzický popis: [10] s. : barev. il. ; 16 x 24 cm
Knihy
Uloženo v:
LEADER 01292nam a2200373 a 4500
001 000768153
003 CZ BrMZK
005 20111214091724.0
007 ta
008 050329s2005 xr a ar 000 p cze d
015 |a cnb001528856 
020 |a 80-242-1370-2  |q (leporelo) 
035 |a (OCoLC)85140949 
040 |a BOA001  |b cze 
072 7 |a 821-93  |x Literatura pro děti a mládež (beletrie)  |2 Konspekt  |9 26 
072 7 |a 821.162.3  |x Česká literatura  |2 Konspekt  |9 25 
080 |a 821-93  |2 MRF 
080 |a 821.162.3-1  |2 MRF 
080 |a (0:82-1)  |2 MRF 
080 |a (0.025.2)  |2 MRF 
100 1 |a Kainar, Josef,  |d 1917-1971  |7 jk01052554  |4 aut 
245 1 0 |a Posmíval se konipásek /  |c [napsal] Josef Kainar ; [nakreslil] Zdeněk Miler 
250 |a Vyd. 2., (v Knižním klubu 1.) 
260 |a V Praze :  |b Knižní klub,  |c 2005 
300 |a [10] s. :  |b barev. il. ;  |c 16 x 24 cm 
500 |a Název z obálky 
655 7 |a česká poezie  |7 fd133958  |2 czenas 
655 7 |a leporela  |7 fd132727  |2 czenas 
655 7 |a publikace pro děti  |7 fd133156  |2 czenas 
700 1 |a Miler, Zdeněk,  |d 1921-2011  |7 jk01081695  |4 ill 
910 |a BOA001  |b M2-1149.545 
990 |a BK 
991 |b 200505 
996 6 |b 2610247692  |c M2-1149.545  |l MZK  |r Sklad / do 24 hodin  |n 3  |p p.v.  |w 000768153  |u 000010  |a 1  |e BOA001  |j MZK50  |s P